000 02275cam a22004454i 4500
003 PE-LiUPU
005 20250731183438.0
008 150706s r 000 0 d
020 _a9789709726695
035 _a(Sirsi) i9789709726695
040 _aPE-LiUPU
_bspa
_cPE-LiUPU
_erda
049 _aPRUA
082 0 4 _a728.972
_bH22s
_221
100 1 _aHaro, Fernando de,
_d1965- ,
_eautor.
245 1 0 _aArquitectos mexicanos :
_bsencillez vanguardista /
_cAutor y editor, Fernando de Haro, Omar Fuentes ; traducción, Louis Loizides.
264 1 _aMéxico, D.F. :
_bArquitectos Mexicanos Editores,
_c2007.
300 _a191 páginas :
_bil, ;
_c29 cm.
336 _atext
_2rdacontent
337 _aunmediated
_2rdamedia
338 _avolume
_2rdacarrier
500 _aParalelo texto español e Inglés.
505 0 _aRicardo Agraz Orozco -- Gillermo Alcocer -- Guillermo Almanza C. Gerardo Varela E -- Ángel Alonso Chein. Eduardo Gutierrez G -- Mario Armella M. Mario Armella G -- Alejandro Belden R. Manuel Ortiz V -- Oscar M. Cadena -- Alex Carrenza Valles. Gerardo Ruíz Díaz -- Fernando de Haro L. Jesús Fernández S. Omar Fuentes E. Bertha Figueroa P -- Gerardo García L. Avelino González Espinosa -- Alvaro González Guerra -- Francisco Guzmán Giraud -- Ricardo Legorreta. Víctor Legorreta. Miguel Almaraz. Adriana Ciklik. Carlos Vargas -- Genaro Nieto Ituarte -- José M. Nogal Moragues -- Felipe C. Rodriguez. Angeles Guerra.
526 _aP158
526 _aP146
526 _aP17
526 _aP12
526 _aP06
541 _g015-0015390;
650 1 4 _aArquitectura doméstica
_zMéxico.
650 2 4 _aArquitectura
_zMéxico
_ySiglo XX.
650 2 4 _aArquitectura de interiores.
700 1 _aFuentes, Omar,
_eautor.
700 1 _aLoizides, Louis,
_etr.
910 _a
942 _2ddc
_cBOOK
949 _a728.972 H22S
_wDEWEY
_c1
_i67506
_lCCODEBUL1
_mBUL
_p55.00
_r0
_sY
_tBOOK
_u2015-7-6
_xINGENIERIA
_PP06
_o.STAFF. Colección General
994 _aC0
_bPEPRU
596 _a1
999 _a728.972 H22S
_wDEWEY
_c55136
_i67506
_f2021-11-10
_g7
_lCCODEBUL1
_mBUL
_p55.00
_r0
_sY
_tBOOK
_u2015-7-6
_xINGENIERIA
_PP06
_o.STAFF. Colección General
_d55136
980 _81
_gALBERTO SANCHEZ Responsable de Automatización